| 000 | 00471nam a2200169 4500 | ||
|---|---|---|---|
| 001 | 111688 | ||
| 003 | ES-MaACL | ||
| 005 | 20230906185338.0 | ||
| 007 | t| | ||
| 008 | 061121s1957 sp r ||||1| spa d | ||
| 245 | 0 | 3 | _aLa sindical espaƱola. |
| 260 |
_aMadrid : _bPueblo, _c1957. |
||
| 300 |
_a232 p. ; _c21 cm. |
||
| 500 | _aPrecede al Tit : Centro de Estudios Sindicales. | ||
| 710 | 2 |
_aCentro de Estudios Sindicales. _92669 |
|
| 852 |
_aES-MaACL _jC-15430 _bR.42047 |
||
| 999 |
_c111688 _d111688 |
||